Score 0/25 Timer 05:00
0 Plays Today
% Correct
Terminator 2: Judgement day
96.2%
Rain man
88.5%
Witness
80.8%
Rosemary's baby
73.1%
The beach
61.5%
Field of dreams
61.5%
Dr. No
57.7%
The bridges of Madison county
53.8%
The ninth gate
50%
True romance
50%
Marty
50%
Münich
46.2%
It happened one night
38.5%
% Correct
Charade
34.6%
Dial M for murder
34.6%
Dumb and dumber
30.8%
Terms of endearment
19.2%
Blow-up
19.2%
The apartment
19.2%
A life less ordinary
15.4%
Sunset Boulevard
15.4%
The gauntlet
11.5%
Stoker
7.7%
Alice in the cities
7.7%
Saboteur
7.7%
Remove Ads.
Support Sporcle.
Get the best of Sporcle when you Go Orange. This ad-free experience offers more features, more stats, and more fun while also helping to support Sporcle. Thank you for becoming a member.

You're not logged in!

Compare scores with friends on all Sporcle quizzes.
OR
Log In

Sporcle TV

Today on Sporcle TV


Watch our educational content, quiz creation guides, and fun videos on Sporcle TV.

Show Comments

Extras

Top Quizzes Today


Score Distribution

Paid Content

Your Account Isn't Verified!

In order to create a playlist on Sporcle, you need to verify the email address you used during registration. Go to your Sporcle Settings to finish the process.

Report this User

Report this user for behavior that violates our Community Guidelines.

Details: